Estadísticas para Países por las primeras 2 letras en 90 segundos

Haz click aquí para tomar la prueba!

Estadísticas generales

  • Esta prueba ha sido tomada 59,760 veces
  • La puntuación promedio es 114 de 196

Estadísticas de respuestas

País % Correcto
Eslovenia
97%
Estados Unidos
97%
Estados Federados
de Micronesia
97%
Estonia
97%
España
97%
Eslovaquia
97%
República Checa
96%
Cabo Verde
94%
Camboya
94%
República Democrática
del Congo
94%
República del Congo
94%
Catar
94%
Canadá
94%
Camerún
94%
Argelia
93%
Arabia Saudita
93%
Chipre
93%
China
93%
Armenia
93%
Chad
93%
Argentina
93%
Chile
93%
Suazilandia
91%
México
90%
Brasil
89%
Brunéi
89%
Ruanda
89%
Rusia
89%
Rumania
89%
Costa de Marfil
88%
Costa Rica
88%
Comoras
88%
Colombia
88%
Corea del Norte
88%
Corea del Sur
88%
Panamá
84%
Sudáfrica
84%
Suecia
84%
Sudán
84%
Surinam
84%
Palaos
84%
Países Bajos
84%
Pakistán
84%
Suiza
84%
Sudán del Sur
84%
Papua Nueva Guinea
84%
Paraguay
84%
Macedonia del Norte
83%
Austria
80%
Australia
80%
Francia
79%
Marruecos
77%
Madagascar
77%
Malaui
77%
Maldivas
77%
Malí
77%
Malta
77%
Mauritania
77%
Mauricio
77%
Malasia
77%
Perú
76%
Indonesia
76%
India
76%
Portugal
75%
Polonia
75%
Bolivia
74%
Bosnia y Herzegovina
74%
Botsuana
74%
República Dominicana
73%
República
Centroafricana
73%
Albania
70%
Alemania
70%
Mozambique
69%
Venezuela
69%
Montenegro
69%
Mongolia
69%
Mónaco
69%
Moldavia
69%
Reino Unido
68%
Irlanda
67%
Irak
67%
Irán
67%
Finlandia
63%
Noruega
63%
Fiyi
63%
Filipinas
63%
Guatemala
62%
Guinea
62%
Guinea-Bissau
62%
Guinea Ecuatorial
62%
Guyana
62%
Japón
61%
Jamaica
61%
Uruguay
60%
Níger
59%
Nicaragua
59%
Nigeria
59%
Lituania
59%
Liechtenstein
59%
Libia
59%
Liberia
59%
Líbano
59%
Islas Salomón
59%
Ecuador
59%
Italia
59%
Islandia
58%
Israel
58%
Islas Marshall
58%
Turkmenistán
57%
Turquía
57%
Túnez
57%
Tuvalu
57%
Benín
56%
Dinamarca
56%
Belice
56%
Bélgica
56%
Cuba
55%
Egipto
52%
Tanzania
49%
Tayikistán
49%
Taiwán
49%
Tailandia
49%
Kazajistán
49%
Myanmar
44%
Honduras
44%
Barbados
43%
Baréin
43%
Bangladés
43%
Bahamas
43%
Antigua y Barbuda
43%
Angola
43%
Andorra
43%
Somalia
41%
Bielorrusia
40%
Nueva Zelanda
39%
Grecia
38%
Namibia
38%
Granada
38%
Nauru
38%
Letonia
37%
Lesoto
37%
Bután
37%
Ucrania
37%
Burkina Faso
37%
Bulgaria
37%
Burundi
37%
San Cristóbal y Nieves
34%
Santa Lucía
34%
San Vicente y las
Granadinas
34%
Samoa
34%
San Marino
34%
Santo Tomé y Príncipe
34%
Afganistán
33%
El Salvador
33%
Seychelles
32%
Yemen
32%
Etiopía
32%
Siria
32%
Sierra Leona
32%
Senegal
32%
Serbia
32%
Singapur
32%
Laos
31%
Omán
31%
Haití
31%
Kirguistán
30%
Kiribati
30%
Nepal
29%
Vietnam
29%
Kenia
26%
Ciudad del Vaticano
25%
Uzbekistán
25%
Zambia
22%
Gabón
22%
Eritrea
22%
Gambia
22%
Tonga
22%
Togo
22%
Zimbabue
20%
Dominica
19%
Croacia
18%
Hungría
18%
Vanuatu
17%
Ghana
17%
Georgia
17%
Emiratos Árabes
Unidos
16%
Sri Lanka
16%
Luxemburgo
16%
Jordania
15%
Uganda
15%
Kosovo
15%
Azerbaiyán
15%
Kuwait
14%
Timor Oriental
13%
Trinidad y Tobago
12%
Yibuti
11%

Distribución de puntuación

Porcentaje por número respondido

Porcentaje de gente con cada puntuación

Historial de tus puntuaciones

No has tomado esta prueba